Тест на общие знания №35 - Statistics

General Stats
  • This quiz has been taken 45 times
  • The average score is 9 of 20
Answer Stats
Вопрос Ответ % Correct
Сколько зубов у взрослого человека (не считая зубов мудрости)? 28
93%
Какой газ составляет бо́льшую часть атмосферы Земли? азот
78%
Благодаря чему главные герои мультфильма "Корпорация монстров" могли путешествовать в мир людей? двери
74%
Кто написал романы "Мистер Мерседес", "Куджо" и "Оно"? Стивен Кинг
74%
Действия какого фильма происходят на планете Пандора? "Аватар"
63%
Кем становится человек после канонизации? святой
59%
Какое море находится между Великобританией и Норвегией? Северное море
56%
Какая русская мера длины равна 1088 метрам? верста
56%
Какой субъект России находится ближе всех к США? Чукотский автономный округ
52%
Что Винни Пух подарил Иа? пустой горшок
48%
Назовите настоящее имя Волан-де-Морта Том Марволо Реддл
48%
Как называется вырост грудины у птиц? киль
33%
У какого библейского персонажа самая длительная продолжительность жизни - 969 лет? Мафусаил
26%
В каком современном алфавите есть буквы, именуемые "алеф", "гимел" и "самех"? иврит
26%
В честь какого вида спорта названа модель Volkswagen? гольф
26%
На территории какой современной страны находилась бо́льшая часть Дагомеи? Бенин
22%
Что в 1936-м году сделал король Эдуард VIII, чего до этого не делал ни один британский монарх? отрёкся от престола
19%
Какая наука изучает яйца животных? оология
15%
Что такое "Тринити", "Айви Майк" и "Кастл Браво"? атомные бомбы
15%
Кто такой смилодон? саблезубый тигр
11%
No matching quizzes found
Score Distribution
Percent of People with Each Score
Percentile by Number Answered
Your Score History
You have not taken this quiz